<?xml version="1.0" encoding="UTF-8"?><?xml-stylesheet type="text/xsl" href="static/style.xsl"?><OAI-PMH xmlns="http://www.openarchives.org/OAI/2.0/" xmlns:xsi="http://www.w3.org/2001/XMLSchema-instance" xsi:schemaLocation="http://www.openarchives.org/OAI/2.0/ http://www.openarchives.org/OAI/2.0/OAI-PMH.xsd"><responseDate>2026-04-13T01:14:22Z</responseDate><request verb="GetRecord" identifier="oai:www.recercat.cat:2445/221910" metadataPrefix="marc">https://recercat.cat/oai/request</request><GetRecord><record><header><identifier>oai:recercat.cat:2445/221910</identifier><datestamp>2025-12-05T14:12:34Z</datestamp><setSpec>com_2072_1057</setSpec><setSpec>col_2072_478815</setSpec><setSpec>col_2072_478916</setSpec><setSpec>col_2072_478917</setSpec></header><metadata><record xmlns="http://www.loc.gov/MARC21/slim" xmlns:dcterms="http://purl.org/dc/terms/" xmlns:xsi="http://www.w3.org/2001/XMLSchema-instance" xmlns:doc="http://www.lyncode.com/xoai" xsi:schemaLocation="http://www.loc.gov/MARC21/slim http://www.loc.gov/standards/marcxml/schema/MARC21slim.xsd">
   <leader>00925njm 22002777a 4500</leader>
   <datafield ind2=" " ind1=" " tag="042">
      <subfield code="a">dc</subfield>
   </datafield>
   <datafield ind2=" " ind1=" " tag="720">
      <subfield code="a">Canadell Heredia, Ricard</subfield>
      <subfield code="e">author</subfield>
   </datafield>
   <datafield ind2=" " ind1=" " tag="720">
      <subfield code="a">Rouaz El Hajoui, Khadija</subfield>
      <subfield code="e">author</subfield>
   </datafield>
   <datafield ind2=" " ind1=" " tag="720">
      <subfield code="a">Franco-Piedrahita, Natalia</subfield>
      <subfield code="e">author</subfield>
   </datafield>
   <datafield ind2=" " ind1=" " tag="720">
      <subfield code="a">Pérez Lozano, Pilar</subfield>
      <subfield code="e">author</subfield>
   </datafield>
   <datafield ind2=" " ind1=" " tag="720">
      <subfield code="a">Suñé Pou, Marc</subfield>
      <subfield code="e">author</subfield>
   </datafield>
   <datafield ind2=" " ind1=" " tag="720">
      <subfield code="a">Suñé i Negre, Josep M. (Josep Maria)</subfield>
      <subfield code="e">author</subfield>
   </datafield>
   <datafield ind2=" " ind1=" " tag="720">
      <subfield code="a">García Montoya, Encarna</subfield>
      <subfield code="e">author</subfield>
   </datafield>
   <datafield ind2=" " ind1=" " tag="260">
      <subfield code="c">2025-06-30T12:22:32Z</subfield>
   </datafield>
   <datafield ind2=" " ind1=" " tag="260">
      <subfield code="c">2025-06-30T12:22:32Z</subfield>
   </datafield>
   <datafield ind2=" " ind1=" " tag="260">
      <subfield code="c">2025-05-08</subfield>
   </datafield>
   <datafield ind2=" " ind1=" " tag="260">
      <subfield code="c">2025-06-30T12:22:32Z</subfield>
   </datafield>
   <datafield ind2=" " ind1=" " tag="520">
      <subfield code="a">Background/Objectives:&lt;/strong>&lt;span style="color:rgb( 34 , 34 , 34 )"> Carbamazepine is widely used as a first-line treatment for pediatric patients with benign epilepsy. However, most commercial formulations have doses of 100 mg or higher, limiting their suitability for pediatric use. The aim of this study was to develop mini orally disintegrating tablets (ODTs) containing 50 mg of carbamazepine, utilizing direct compression technology, specifically tailored to meet the unique needs of pediatric patients. &lt;/span>&lt;strong style="color:rgb( 34 , 34 , 34 )">Methods:&lt;/strong>&lt;span style="color:rgb( 34 , 34 , 34 )"> The development was carried out following a Quality by Design (QbD) approach, beginning with preformulation studies using the SeDeM expert system. Various co-processed excipients (PROSOLV® ODT and PARTECK® ODT) and non-co-processed excipients (L-HPC LH11 and L-HPC NBD-022) were evaluated. Additionally, modifications to the radius parameter of the SeDeM expert system were investigated to improve formulation design. &lt;/span>&lt;strong style="color:rgb( 34 , 34 , 34 )">Results:&lt;/strong>&lt;span style="color:rgb( 34 , 34 , 34 )"> Optimized Formulations 13 and 14 achieved disintegration times below 1 min, hardness values between 25 and 60 N, and friability under 1%, fulfilling the predefined Critical Quality Attributes (CQAs). Tablets were successfully produced with a diameter of 5 mm and a weight below 100 mg. Moreover, reducing the SeDeM incidence radius from 5.0 to values between 4.0 and 3.5 proved viable, enabling the inclusion of excipients previously considered unsuitable and broadening formulation options without compromising quality. &lt;/span>&lt;strong style="color:rgb( 34 , 34 , 34 )">Conclusions:&lt;/strong>&lt;span style="color:rgb( 34 , 34 , 34 )"> This study demonstrates the feasibility of producing small, fast-disintegrating, and mechanically robust 50 mg carbamazepine ODTs tailored for pediatric patients. It also validates the adjustment of SeDeM parameters as an effective strategy to expand excipient selection and enhance formulation flexibility in pediatric drug development.</subfield>
   </datafield>
   <datafield tag="653" ind2=" " ind1=" ">
      <subfield code="a">Farmacologia pediàtrica</subfield>
   </datafield>
   <datafield tag="653" ind2=" " ind1=" ">
      <subfield code="a">Epilèpsia en els infants</subfield>
   </datafield>
   <datafield tag="653" ind2=" " ind1=" ">
      <subfield code="a">Pediatric pharmacology</subfield>
   </datafield>
   <datafield tag="653" ind2=" " ind1=" ">
      <subfield code="a">Epilepsy in children</subfield>
   </datafield>
   <datafield ind2="0" ind1="0" tag="245">
      <subfield code="a">Preformulation Study of Carbamazepine Orally Disintegrating Tablets for Pediatric Patients Using Direct Compression and the SeDeM Diagram Tool: A Quality by Design Approach. </subfield>
   </datafield>
</record></metadata></record></GetRecord></OAI-PMH>